[Event "PASSIVENESS IS FOR THE WEAK"]
[Site "SchemingMind.com"]
[Date "2010.08.14"]
[Round "-"]
[White "calidore"]
[Black "keen"]
[Result "1-0"]
[WhiteCountry "ISR"]
[BlackCountry "SCO"]
[WhiteElo "1554"]
[WhiteRD "80"]
[BlackElo "1677"]
[BlackRD "62"]
[GameID "257552"]

1. e4 Nf6 2. e5 Nd5 3. d4 e6 4. Nf3 c5 5. c4 Nb6 6. d5 d6 7. Nc3 Be7 8. Bf4 Nxc4 9. Bxc4 a6 10. dxe6 fxe6
11. exd6 Bf6 12. O-O O-O 13. Re1 Bxc3 14. bxc3 Rxf4 15. Bxe6+ Bxe6 16. Rxe6 Nd7 17. Qd5 Kh8 18. Rae1 Rf8 19. Qxb7 h6 20. Re7 Rb8
21. Qxd7 Qxd7 22. Rxd7
1-0

[Event "PASSIVENESS IS FOR THE WEAK"]
[Site "SchemingMind.com"]
[Date "2010.08.14"]
[Round "-"]
[White "keen"]
[Black "calidore"]
[Result "0-1"]
[WhiteCountry "SCO"]
[BlackCountry "ISR"]
[WhiteElo "1667"]
[WhiteRD "57"]
[BlackElo "1598"]
[BlackRD "73"]
[GameID "257557"]

1. e4 Nf6 2. e5 Nd5 3. d4 d6 4. c4 Nb6 5. Nc3 dxe5 6. Be3 exd4 7. Bxd4 Nc6 8. Be3 Qxd1+ 9. Rxd1 Bg4 10. f3 Be6
11. b3 g6 12. Nge2 Bg7 13. Kf2 O-O 14. Nf4 Bf5 15. Ncd5 Nxd5 16. Nxd5 Rac8 17. Be2 a6 18. Bd3 Bxd3 19. Rxd3 e6 20. Nf4 Rfd8
21. Rhd1 Rxd3 22. Rxd3 Rd8 23. Rxd8+ Nxd8 24. Nd3 b6 25. Nb4 a5 26. Na6 Be5 27. g3 Nc6 28. f4 Bd6 29. c5 Bxc5 30. Nxc5 bxc5
31. Bxc5 f6 32. Ke3 Kf7 33. a3 Ke8 34. b4 axb4 35. axb4 Kd7 36. Ke4 Ne7 37. h3 Nf5 38. g4 Nd6+ 39. Kd4 Kc6 40. h4 Kb5
41. Kc3 Ne4+ 42. Kd4 Nxc5 43. bxc5 c6 44. h5 gxh5 45. gxh5 h6
0-1

[Event "PASSIVENESS IS FOR THE WEAK"]
[Site "SchemingMind.com"]
[Date "2010.08.26"]
[Round "-"]
[White "Olli Ylönen"]
[Black "reo"]
[Result "0-1"]
[WhiteCountry "FIN"]
[BlackCountry "THA"]
[WhiteElo "1475"]
[WhiteRD "56"]
[BlackElo "1775"]
[BlackRD "82"]
[GameID "258530"]

1. e4 Nf6 2. e5 Nd5 3. d4 d6 4. Nf3 dxe5 5. Nxe5 c6 6. Bc4 g6 7. O-O Bg7 8. Re1 O-O 9. Bb3 Nd7 10. Nf3 N7f6
11. h3 Re8 12. c4 Nb6 13. Bg5 Bf5 14. Bxf6 Bxf6 15. Nc3 Qc7 16. d5 cxd5 17. Nxd5 Nxd5 18. cxd5 Bxb2 19. d6 exd6 20. Rb1 Bxb1
21. Rxe8+ Rxe8 22. Qxb1 Re2
0-1

[Event "PASSIVENESS IS FOR THE WEAK"]
[Site "SchemingMind.com"]
[Date "2010.08.25"]
[Round "-"]
[White "reo"]
[Black "Olli Ylönen"]
[Result "1-0"]
[WhiteCountry "THA"]
[BlackCountry "FIN"]
[WhiteElo "1787"]
[WhiteRD "83"]
[BlackElo "1462"]
[BlackRD "53"]
[GameID "258534"]

1. e4 Nf6 2. e5 Nd5 3. d4 Nb6 4. c4 d6 5. Nf3 Bg4 6. Nbd2 dxe5 7. dxe5 Bxf3 8. Qxf3 e6 9. a3 c6 10. Bd3 g6
11. O-O Bg7 12. Qe3 O-O 13. Nf3 N8d7 14. Rd1 Nxe5 15. Nxe5 Bxe5 16. Qxe5 Nxc4 17. Qc3 Ne5 18. Qxe5 Qd7 19. Bh6 f6 20. Qe2
1-0

[Event "PASSIVENESS IS FOR THE WEAK"]
[Site "SchemingMind.com"]
[Date "2010.09.03"]
[Round "-"]
[White "PawnPusherPete"]
[Black "Fred Fanelli"]
[Result "1-0"]
[WhiteCountry "ENG"]
[BlackCountry "USA"]
[WhiteElo "2078"]
[WhiteRD "118"]
[BlackElo "1473"]
[BlackRD "83"]
[GameID "259235"]

1. e4 Nf6 2. e5 Nd5 3. c4 Nb6 4. Nf3 e6 5. d4 c5 6. Bg5 Qc7 7. d5 exd5 8. cxd5 d6 9. Nc3 dxe5 10. Nb5 Qd7
11. Nxe5 Qf5 12. Nc7#
1-0

[Event "PASSIVENESS IS FOR THE WEAK"]
[Site "SchemingMind.com"]
[Date "2010.09.03"]
[Round "-"]
[White "Fred Fanelli"]
[Black "PawnPusherPete"]
[Result "0-1"]
[WhiteCountry "USA"]
[BlackCountry "ENG"]
[WhiteElo "1473"]
[WhiteRD "83"]
[BlackElo "2078"]
[BlackRD "118"]
[GameID "259243"]

1. e4 Nf6 2. e5 Nd5 3. d4 d6 4. c4 Nb6 5. Bf4 dxe5 6. Bxe5 Nc6 7. Nc3 Nxe5 8. dxe5 Be6 9. b3 g6 10. Rc1 Bh6
11. Rb1 Bf5 12. Ra1 Nd7 13. Bd3 Bxd3 14. Qxd3 Nxe5 15. Qxd8+ Rxd8 16. Nge2 Nd3+ 17. Kf1 e5 18. Nd5 c6 19. Ndc3 Ke7 20. g3 f5
21. Kg2 Rd7 22. Rad1 Rhd8 23. Rhf1 Nb4 24. a4 Rxd1 25. Nxd1 Rd3 26. Ndc3 Bd2 27. Rd1 Bxc3 28. Rxd3 Nxd3 29. Nxc3 Kd6 30. Kf3 Kc5
31. Ke3 Nc1
0-1

[Event "PASSIVENESS IS FOR THE WEAK"]
[Site "SchemingMind.com"]
[Date "2010.09.11"]
[Round "-"]
[White "Naoki_M"]
[Black "pnwmusichound"]
[Result "0-1"]
[WhiteCountry "JPN"]
[BlackCountry "USA"]
[WhiteElo "1697"]
[WhiteRD "76"]
[BlackElo "1792"]
[BlackRD "92"]
[GameID "259742"]

1. e4 Nf6 2. e5 Nd5 3. Bc4 Nb6 4. Bb3 c5 5. c3 c4 6. Bc2 e6 7. Nf3 Nc6 8. O-O d6 9. Re1 Nxe5 10. Nxe5 dxe5
11. Rxe5 Bd6 12. Re1 O-O 13. d4 Nd5 14. Nd2 Qc7 15. g3 b5 16. Ne4 Bb7 17. Ng5 g6 18. Re2 Qc6 19. f3 Be7 20. Qf1 Bf6
21. Be4 b4 22. f4 Qb6 23. Bd2 bxc3 24. Bxc3 e5 25. Nf3 Nxc3 26. bxc3 exd4 27. Nxd4 Bxd4+ 28. cxd4 Qxd4+ 29. Kg2 Bxe4+ 30. Rxe4 Qxe4+
31. Kh3 Rab8 32. Rc1 Rb2 33. Rxc4 Qe6+ 34. g4 Rxa2 35. f5 Qe3+
0-1

[Event "PASSIVENESS IS FOR THE WEAK"]
[Site "SchemingMind.com"]
[Date "2010.09.11"]
[Round "-"]
[White "pnwmusichound"]
[Black "Naoki_M"]
[Result "1-0"]
[WhiteCountry "USA"]
[BlackCountry "JPN"]
[WhiteElo "1792"]
[WhiteRD "92"]
[BlackElo "1697"]
[BlackRD "76"]
[GameID "259745"]

1. e4 Nf6 2. Nc3 d5 3. exd5 Nxd5 4. Bc4 Nb6 5. Bb3 Nc6 6. Nf3 Bf5 7. d4 e6 8. O-O Be7 9. Bf4 O-O 10. Re1 Re8
11. Re3 Bd6 12. Bxd6 cxd6 13. d5 exd5 14. Rxe8+ Qxe8 15. Nxd5 Nxd5 16. Qxd5 Be6 17. Qxd6 Bxb3 18. axb3 Rd8 19. Qg3 Qd7 20. h3 a6
21. Kh2 Nb4 22. c3 Nc2 23. Rc1 Qd3 24. Qc7 Qd6+ 25. Qxd6 Rxd6 26. Rxc2 b5 27. b4 f6 28. b3 Kf7 29. c4 bxc4 30. bxc4 Ke7
31. b5 axb5 32. cxb5 Kd7 33. Rd2 Rxd2 34. Nxd2 Kc7 35. Nc4 h6 36. Kg3 g6 37. Kf4 Kb7 38. Ke4 Kc7 39. Kd5 Kd7 40. b6 Kc8
41. Ke6 f5 42. Kf6
1-0

[Event "PASSIVENESS IS FOR THE WEAK"]
[Site "SchemingMind.com"]
[Date "2010.09.10"]
[Round "-"]
[White "mochiron"]
[Black "maro"]
[Result "0-1"]
[WhiteCountry "JPN"]
[BlackCountry "MEX"]
[WhiteElo "1465"]
[WhiteRD "70"]
[BlackElo "1357"]
[BlackRD "52"]
[GameID "259844"]

1. e4 Nf6 2. Nc3 e5 3. d4 exd4 4. Qxd4 c5 5. Qe5+ Qe7 6. Qxe7+ Bxe7 7. Be2 O-O 8. Nh3 Nc6 9. Ng5 h6 10. Nh3 b6
11. b3 Bb7 12. O-O Nd4 13. Bf3 Nxc2 14. Rb1 Nd4 15. Be3 Nc2 16. Rbc1 Nd4 17. Bxd4 cxd4 18. Nd5 Nxd5 19. exd5 Ba6 20. Rfe1 Bb4
21. Re4 Ba3 22. Rc7 d3 23. Rxd7 Bb5 24. Nf4= Bxd7 25. Nxd3 Bf5 26. Rd4 Bxd3 27. Rxd3 Rfe8 28. g3 Rad8 29. h4 Re1+ 30. Kg2 Re5
31. Bd1 Rexd5
0-1

[Event "PASSIVENESS IS FOR THE WEAK"]
[Site "SchemingMind.com"]
[Date "2010.09.10"]
[Round "-"]
[White "maro"]
[Black "mochiron"]
[Result "0-1"]
[WhiteCountry "MEX"]
[BlackCountry "JPN"]
[WhiteElo "1304"]
[WhiteRD "54"]
[BlackElo "1484"]
[BlackRD "71"]
[GameID "259850"]

1. e4 Nf6 2. e5 Nd5 3. Bc4 e6 4. d4 c5 5. Bd2 cxd4 6. Bxd5 exd5 7. a3 Bc5 8. Qf3 O-O 9. Qxd5 Bb6 10. Nf3 Nc6
11. Bg5 Qe8 12. O-O Kh8 13. Re1 f6 14. exf6 Qg6 15. Nh4 Qf7 16. fxg7+ Kxg7 17. Re4 Qxf2+ 18. Kh1 Qf1#
0-1

[Event "PASSIVENESS IS FOR THE WEAK"]
[Site "SchemingMind.com"]
[Date "2010.09.11"]
[Round "-"]
[White "David Hartley"]
[Black "jarkus"]
[Result "1-0"]
[WhiteCountry "ENG"]
[BlackCountry "POL"]
[WhiteElo "1844"]
[WhiteRD "66"]
[BlackElo "1587"]
[BlackRD "72"]
[GameID "259924"]

1. e4 Nf6 2. e5 Nd5 3. d4 g6 4. Bc4 c6 5. Nf3 e6 6. O-O Bg7 7. c3 d6 8. Re1 O-O 9. Bg5 Ne7 10. Qd2 dxe5
11. Nxe5 f6 12. Bh6 fxe5 13. Bxg7 Kxg7 14. Rxe5 Nf5 15. Bxe6 Bxe6 16. Rxe6 Nh4 17. Qe3 Qd5 18. Qh3 Qg5 19. Re3 Nd7 20. Nd2 Rf7
21. Nf3 Nxf3+ 22. Rxf3 Re8 23. Rxf7+ Kxf7 24. Qxd7+ Re7 25. Qh3 Qd2 26. Rf1 Re1 27. g3 Rxf1+ 28. Qxf1 Qxb2 29. Qc4+ Kg7 30. Kg2 Qe2
31. Qxe2
1-0

[Event "PASSIVENESS IS FOR THE WEAK"]
[Site "SchemingMind.com"]
[Date "2010.09.16"]
[Round "-"]
[White "Derek"]
[Black "kifosi"]
[Result "0-1"]
[WhiteCountry "INT"]
[BlackCountry "DEN"]
[WhiteElo "1641"]
[WhiteRD "96"]
[BlackElo "1890"]
[BlackRD "75"]
[GameID "260044"]

1. e4 Nf6 2. e5 Nd5 3. d4 d6 4. Nf3 Bg4 5. Bc4 e6 6. O-O dxe5 7. dxe5 c6 8. Bxd5 cxd5 9. Nc3 Nc6 10. Qd3 Bxf3
11. Qxf3 Nxe5 12. Qf4 Bd6 13. Qa4+ Nc6 14. Re1 O-O 15. Bf4 a6 16. Rad1 b5
0-1

[Event "PASSIVENESS IS FOR THE WEAK"]
[Site "SchemingMind.com"]
[Date "2010.09.16"]
[Round "-"]
[White "kifosi"]
[Black "Derek"]
[Result "1-0"]
[WhiteCountry "DEN"]
[BlackCountry "INT"]
[WhiteElo "1927"]
[WhiteRD "74"]
[BlackElo "1618"]
[BlackRD "89"]
[GameID "260045"]

1. e4 Nf6 2. e5 Nd5 3. d4 e6 4. c4 Nb6 5. f4 c5 6. d5 d6 7. Nc3 f6 8. Nf3 fxe5 9. fxe5 exd5 10. cxd5 dxe5
11. Nxe5 Bf5 12. Qf3 Qf6 13. Bf4 Bd6 14. Bb5+ N8d7 15. Nxd7 Bxd7 16. Bxd6 Qxd6 17. Qe4+ Kd8 18. O-O-O Qh6+ 19. Kb1 g6 20. Bxd7 Nxd7
21. d6 Rb8 22. Qe7+ Kc8 23. Rhe1 Qf8 24. Nb5
1-0

[Event "PASSIVENESS IS FOR THE WEAK"]
[Site "SchemingMind.com"]
[Date "2010.09.17"]
[Round "-"]
[White "lemmie"]
[Black "childescar"]
[Result "1-0"]
[WhiteCountry "NED"]
[BlackCountry "FRA"]
[WhiteElo "1825"]
[WhiteRD "63"]
[BlackElo "1356"]
[BlackRD "79"]
[GameID "260093"]

1. e4 Nf6 2. Nc3 e5 3. Nf3 Nc6 4. d4 exd4 5. Nxd4 Nxd4 6. Qxd4 c6 7. Bg5 Be7 8. e5 Nh5 9. Bxe7 Qxe7 10. Be2 O-O
11. Bxh5 g6 12. Bg4 d6 13. O-O dxe5 14. Qd1 Bxg4 15. Qxg4 Rfe8 16. Rfe1 Rad8 17. h3 Rd2 18. Rac1 Qc5 19. Ne4 f5 20. Qxg6+ hxg6
21. Nxc5 b6 22. Nb3 Rd5 23. c4 Rd6 24. Rcd1 Rde6 25. Nd2 g5 26. Nf3 g4 27. hxg4 fxg4 28. Nh4 Kf7 29. g3 e4 30. Re3 a6
31. Rde1 b5 32. cxb5 axb5 33. a3 Kf6 34. Ng2 Ke5 35. Rxe4+ Kf5 36. Nh4+ Kf6 37. Rf4+ Kg5 38. Rf5+ Kh6 39. Rxe6+ Rxe6 40. Rc5
1-0

[Event "PASSIVENESS IS FOR THE WEAK"]
[Site "SchemingMind.com"]
[Date "2010.09.17"]
[Round "-"]
[White "childescar"]
[Black "lemmie"]
[Result "0-1"]
[WhiteCountry "FRA"]
[BlackCountry "NED"]
[WhiteElo "1356"]
[WhiteRD "79"]
[BlackElo "1825"]
[BlackRD "63"]
[GameID "260102"]

1. e4 Nf6 2. Nc3 e5 3. Nf3 Nc6 4. Bb5 d6 5. O-O Bd7 6. d4 exd4 7. Nxd4 Nxd4 8. Bxd7+ Qxd7 9. Qxd4 Be7 10. Nd5 c5
11. Nxf6+ Bxf6 12. Qd3 O-O 13. Re1 Rfe8 14. c3 Rad8 15. Bd2 b6 16. a4 h6 17. b4 Qg4 18. bxc5 dxc5 19. Qe2 Qg6 20. c4 Bxa1
21. Rxa1 Rxe4 22. Qd3 Rxd3
0-1

[Event "PASSIVENESS IS FOR THE WEAK"]
[Site "SchemingMind.com"]
[Date "2010.11.04"]
[Round "-"]
[White "reo"]
[Black "PawnPusherPete"]
[Result "0-1"]
[WhiteCountry "THA"]
[BlackCountry "ENG"]
[WhiteElo "1775"]
[WhiteRD "82"]
[BlackElo "2264"]
[BlackRD "77"]
[GameID "265733"]

1. e4 Nf6 2. e5 Nd5 3. d4 d6 4. c4 Nb6 5. exd6 exd6 6. h3 Be7 7. Nf3 O-O 8. Bd3 Nc6 9. Nc3 Bf6 10. Be3 Re8
11. d5 Nb4 12. Be2 Bf5 13. Qd2 Nc2+
0-1

[Event "PASSIVENESS IS FOR THE WEAK"]
[Site "SchemingMind.com"]
[Date "2010.11.05"]
[Round "-"]
[White "PawnPusherPete"]
[Black "reo"]
[Result "1-0"]
[WhiteCountry "ENG"]
[BlackCountry "THA"]
[WhiteElo "2238"]
[WhiteRD "70"]
[BlackElo "1756"]
[BlackRD "86"]
[GameID "265736"]

1. e4 Nf6 2. e5 Nd5 3. c4 Nb6 4. Nf3 e6 5. d4 Bb4+ 6. Nc3 Nc6 7. Bd3 f5 8. Bg5 Ne7 9. Qd2 h6 10. Bxe7 Qxe7
11. O-O O-O 12. c5 Bxc3 13. bxc3 Na4 14. Bb5 Nxc5 15. dxc5 c6 16. Be2 Qxc5 17. Rfd1 Rd8 18. Qb2 d5 19. c4 b6 20. Rac1 Qe7
21. cxd5 cxd5 22. Nd4 Bd7 23. Ba6 Be8 24. Rc3 g5 25. Rdc1 Qg7 26. Nxe6
1-0

[Event "PASSIVENESS IS FOR THE WEAK"]
[Site "SchemingMind.com"]
[Date "2010.12.13"]
[Round "-"]
[White "mochiron"]
[Black "kifosi"]
[Result "1-0"]
[WhiteCountry "JPN"]
[BlackCountry "DEN"]
[WhiteElo "1470"]
[WhiteRD "66"]
[BlackElo "1916"]
[BlackRD "83"]
[GameID "269869"]

1. e4 Nf6 2. d3 e5 3. Bg5 Bc5 4. Be2 h6 5. Bh4 d5 6. Bxf6 Qxf6 7. Nf3 dxe4 8. dxe4 O-O 9. Nc3 Qb6 10. O-O Qxb2
11. Nd5 c6 12. Nc7 Be6 13. Nxa8
1-0

[Event "PASSIVENESS IS FOR THE WEAK"]
[Site "SchemingMind.com"]
[Date "2010.12.14"]
[Round "-"]
[White "kifosi"]
[Black "mochiron"]
[Result "1-0"]
[WhiteCountry "DEN"]
[BlackCountry "JPN"]
[WhiteElo "1923"]
[WhiteRD "87"]
[BlackElo "1458"]
[BlackRD "70"]
[GameID "269873"]

1. e4 Nf6 2. e5 Nd5 3. d4 e6 4. Nf3 h6 5. c4 Ne7 6. Nc3 c6 7. Ne4 Nf5 8. Bd3 Be7 9. g4 d5 10. cxd5 exd5
11. gxf5 dxe4 12. Bxe4 Na6 13. Bd2 g6 14. fxg6 fxg6 15. Bxg6+ Kd7 16. Bf5+ Kc7 17. Bxc8 Rxc8 18. Qb3 b6 19. Rc1 Kb7 20. Rg1 Rf8
21. Ke2 Rxf3 22. Qxf3 Qxd4 23. Qc3 Qe4+ 24. Be3 Bg5 25. f4 Bxf4 26. Rg4 Nc5 27. Rxf4 Qg2+ 28. Rf2 Qg4+ 29. Ke1 Ne4 30. Rf7+ Kb8
31. Qa3 Qh4+ 32. Bf2 Nxf2 33. Qxa7#
1-0

[Event "PASSIVENESS IS FOR THE WEAK"]
[Site "SchemingMind.com"]
[Date "2011.01.30"]
[Round "-"]
[White "pnwmusichound"]
[Black "David Hartley"]
[Result "1-0"]
[WhiteCountry "USA"]
[BlackCountry "ENG"]
[WhiteElo "1786"]
[WhiteRD "94"]
[BlackElo "1867"]
[BlackRD "66"]
[GameID "274361"]

1. e4 Nf6 2. e5 Nd5 3. d4 d6 4. Bc4 Nb6 5. Bb3 d5 6. h3 e6 7. Nf3 c5 8. c3 Nc6 9. O-O Nd7 10. Bc2 f6
11. exf6 Nxf6 12. Re1 cxd4 13. Nxd4 Nxd4 14. Qxd4 Be7 15. Nd2 O-O 16. Nf3 Ne8 17. Ne5 Bg5 18. Qd3
1-0

[Event "PASSIVENESS IS FOR THE WEAK"]
[Site "SchemingMind.com"]
[Date "2011.01.30"]
[Round "-"]
[White "David Hartley"]
[Black "pnwmusichound"]
[Result "0-1"]
[WhiteCountry "ENG"]
[BlackCountry "USA"]
[WhiteElo "1837"]
[WhiteRD "69"]
[BlackElo "1812"]
[BlackRD "94"]
[GameID "274363"]

1. e4 Nf6 2. e5 Nd5 3. d4 d6 4. Nf3 dxe5 5. Nxe5 c6 6. Be2 g6 7. O-O Bg7 8. Nf3 O-O 9. c4 Nf6 10. Nc3 e6
11. h3 Nbd7 12. Be3 b6 13. Rb1 c5 14. dxc5 Nxc5 15. Bxc5 bxc5 16. Qc2 Nh5 17. Rfd1 Qe7 18. Qd2 Bb7 19. Qd7 Qxd7 20. Rxd7 Rab8
21. Rc7 Rfc8 22. Rxc8+ Rxc8 23. Rc1 e5 24. b3 Nf4 25. Bd1 e4 26. Nd2 e3 27. Nf3 Bxc3 28. Rxc3 e2
0-1

[Event "PASSIVENESS IS FOR THE WEAK"]
[Site "SchemingMind.com"]
[Date "2011.04.25"]
[Round "-"]
[White "kifosi"]
[Black "pnwmusichound"]
[Result "1-0"]
[WhiteCountry "DEN"]
[BlackCountry "USA"]
[WhiteElo "1968"]
[WhiteRD "102"]
[BlackElo "1843"]
[BlackRD "92"]
[GameID "281778"]

1. e4 Nf6 2. e5 Nd5 3. d4 d6 4. Nf3 dxe5 5. Nxe5 c6 6. Be2 g6 7. c4 Nf6 8. O-O Bg7 9. Nc3 O-O 10. Be3 Bf5
11. Bd3 Bxd3 12. Qxd3 e6 13. Rad1 Qc7 14. Bf4 Nh5 15. Qf3 Nxf4 16. Qxf4 c5 17. Nb5 Qe7 18. dxc5 Qxc5 19. Rfe1 Qe7 20. Nd6 f5
21. c5 Nc6 22. Nxc6 bxc6 23. Qc4 Rf6 24. Re2 Rb8 25. b3 Kf8 26. Rde1 Bh6 27. Rxe6 Rxe6 28. Rxe6 Rb4 29. Qe2 Re4 30. Rxe7 Rxe7
31. Qd1 Re5 32. b4 a5 33. a3 axb4 34. axb4 Rd5 35. Qe1 Bf4 36. g3 Bxd6 37. cxd6 Rxd6 38. Qe5 Rd1+ 39. Kg2 Rb1 40. Qd6+ Kg7
41. Qxc6 Rxb4 42. Qc3+
1-0

[Event "PASSIVENESS IS FOR THE WEAK"]
[Site "SchemingMind.com"]
[Date "2011.04.25"]
[Round "-"]
[White "pnwmusichound"]
[Black "kifosi"]
[Result "0-1"]
[WhiteCountry "USA"]
[BlackCountry "DEN"]
[WhiteElo "1843"]
[WhiteRD "92"]
[BlackElo "1968"]
[BlackRD "102"]
[GameID "281782"]

1. e4 Nf6 2. e5 Nd5 3. d4 d6 4. Bc4 Nb6 5. Bb3 dxe5 6. Qf3 e6 7. dxe5 Nc6 8. Qg3 Nd4 9. Bg5 f6 10. exf6 gxf6
11. Be3 Nxb3 12. axb3 e5 13. Nc3 Bd6 14. Qg7 Rf8 15. Qxh7 Be6 16. Bxb6 axb6 17. Rxa8 Qxa8 18. Nge2 Qa1+ 19. Nd1 Qa6 20. c4 b5
21. c5 Bxc5 22. Qxc7 Qc6 23. Qxc6+ bxc6 24. Nc1 Kf7 25. O-O Rg8 26. g3 Rd8 27. Nc3 Bb4 28. Ne4 Bh3 29. Nd3 Rxd3 30. Rc1 Rxb3
31. Rxc6 Rxb2 32. Rxf6+ Ke7 33. f4 Rg2+ 34. Kh1 Re2 35. Kg1 Rxe4 36. fxe5 Bc5+ 37. Kh1 Re1+ 38. Rf1 Rxf1#
0-1

[Event "PASSIVENESS IS FOR THE WEAK"]
[Site "SchemingMind.com"]
[Date "2011.09.09"]
[Round "-"]
[White "kifosi"]
[Black "PawnPusherPete"]
[Result "0-1"]
[WhiteCountry "DEN"]
[BlackCountry "ENG"]
[WhiteElo "1951"]
[WhiteRD "107"]
[BlackElo "2283"]
[BlackRD "85"]
[GameID "292444"]

1. e4 Nf6 2. e5 Nd5 3. d4 d6 4. Nf3 Nc6 5. Be2 dxe5 6. Nxe5 Nxe5 7. dxe5 Bf5 8. Bd3 Bxd3 9. Qxd3 Qd7 10. O-O O-O-O
11. Nc3 e6 12. Nxd5 Qxd5 13. Qxd5 Rxd5 14. f4 Bc5+ 15. Kh1 Rhd8 16. h3 Rd1 17. Rxd1 Rxd1+ 18. Kh2 Be3
0-1

[Event "PASSIVENESS IS FOR THE WEAK"]
[Site "SchemingMind.com"]
[Date "2011.09.07"]
[Round "-"]
[White "PawnPusherPete"]
[Black "kifosi"]
[Result "1-0"]
[WhiteCountry "ENG"]
[BlackCountry "DEN"]
[WhiteElo "2283"]
[WhiteRD "85"]
[BlackElo "1951"]
[BlackRD "107"]
[GameID "292450"]

1. e4 Nf6 2. e5 Nd5 3. d4 d6 4. Nf3 g6 5. g3 Nc6 6. exd6 exd6 7. c4 Nf6 8. Nc3 Bg7 9. Bg2 Bd7 10. O-O O-O
11. d5 Ne7 12. Re1 Re8 13. a3 c6 14. dxc6 Bxc6 15. Bf4 d5 16. Qb3 dxc4 17. Qxc4 Rc8 18. Rad1 Qb6 19. Ng5
1-0